000 00255nam a2200097Ia 4500
008 230508s2017 xx 000 0 und d
041 _aeng
100 _aJAIN P L
245 _aPRINCIPLES OF FOUNDRY TECHNOLOGY
260 _bTATA MC GRAW-HILL PUB.
_c2017
_g1995
999 _c341612
_d341612